गूुरू प्रताप सूरज (सक्ष्ंिाप्त) (Record no. 349754)
[ view plain ]
| 000 -LEADER | |
|---|---|
| fixed length control field | 01018nam a2200253Ia 4500 |
| 003 - CONTROL NUMBER IDENTIFIER | |
| control field | OSt |
| 005 - DATE AND TIME OF LATEST TRANSACTION | |
| control field | 20220923221524.0 |
| 008 - FIXED-LENGTH DATA ELEMENTS--GENERAL INFORMATION | |
| fixed length control field | 220922b |||||||| |||| 00| 0 hin d |
| 037 ## - SOURCE OF ACQUISITION | |
| Terms of availability | Textual |
| 040 ## - CATALOGING SOURCE | |
| Original cataloging agency | ARTS |
| Transcribing agency | ARTS |
| Language of cataloging | hin |
| 041 ## - LANGUAGE CODE | |
| Source of code | hin |
| Language code of text/sound track or separate title | hin |
| 100 ## - MAIN ENTRY--PERSONAL NAME | |
| Personal name | संतोष सिंह; गोयल, जयभगवान, संपा. |
| 9 (RLIN) | 162086 |
| 245 #0 - TITLE STATEMENT | |
| Title | गूुरू प्रताप सूरज (सक्ष्ंिाप्त) |
| 246 ## - VARYING FORM OF TITLE | |
| Title proper/short title | Gūurū pratāp sūraj (sakṣhaniāpta) |
| 260 ## - PUBLICATION, DISTRIBUTION, ETC. | |
| Place of publication, distribution, etc. | चण्डीगड़ |
| Name of publisher, distributor, etc. | पंजाब यूनिवर्सिटी पब्लि0 ब्यूरों |
| Date of publication, distribution, etc. | 1968 |
| 300 ## - PHYSICAL DESCRIPTION | |
| Extent | 272पृ. |
| Dimensions | cm. |
| 650 ## - SUBJECT ADDED ENTRY--TOPICAL TERM | |
| Topical term or geographic name entry element | हिन्दी साहित्य |
| 9 (RLIN) | 156264 |
| 942 ## - ADDED ENTRY ELEMENTS (KOHA) | |
| Classification part | O153,1L88,1, 152K8 |
| Koha item type | Textual |
| Source of classification or shelving scheme | Colon Classification (CC) |
| Withdrawn status | Lost status | Damaged status | Not for loan | Home library | Current library | Date acquired | Total Checkouts | Full call number | Barcode | Date last seen | Price effective from | Koha item type |
|---|---|---|---|---|---|---|---|---|---|---|---|---|
| Arts Library | Arts Library | 2022-09-23 | O153,1L88,1 152K8 | AL0738569 | 2022-09-23 | 2022-09-23 | Textual |
